| 000 | 00868cam a22002652 4500 | ||
|---|---|---|---|
| 999 |
_c17196 _d17196 |
||
| 001 | 0000018811 | ||
| 003 | OSt | ||
| 005 | 20180921121413.0 | ||
| 008 | 100801s xx 000 0 eng d | ||
| 020 | _a1292084664 : | ||
| 040 |
_aKABU _cKABU |
||
| 050 | 0 |
_aHF5635 _b.W66 2015 V. 1 c. 2 |
|
| 100 | 1 | _aWood, Frank. | |
| 245 | 1 | 0 |
_aFrank Wood's business accounting 1 / _cFrank Wood and Alan Sangster. |
| 246 | 3 | _aBusiness accounting 1 | |
| 250 | _a13th ed. | ||
| 260 |
_aHarlow, England : _bPearson Education, _c2015. |
||
| 300 | _axxiv, 804 p. | ||
| 362 | 0 | _avol. 1. | |
| 650 | 0 | _aAccounting. | |
| 700 | 1 | _aSangster, Alan. | |
| 942 |
_2lcc _cBK _hHF5635 _i.W66 2015 V. 1 c. 2 |
||